Equipos Desaparecidos En Colombia - Estadísticas

Estadísticas generales
  • Esta prueba ha sido intentada 24 veces
    14 desde el último reinicio
  • La puntuación promedio es 14 de 65
Estadísticas de respuestas
AÑOS DE EXISTENCIA LOCALÍA ¿JUGÓ EN PRIMERA A? EQUIPO % Correcto
1990*-2024 Barrancabermeja Alianza Petrolera
64%
2002-2011 Villavicencio Centauros Villavicencio
64%
2003-2015 Cartagena,Sincelejo, 5 Municipios de Cun/marca NO Expreso Rojo
64%
1948-1952 Bogotá,Pereira Universidad Nacional
64%
1967*-2024 Tuluá Cortuluá Fútbol Club
57%
2010-2015 Barranquilla Uniautónoma Fútbol Club
50%
1995-2007 Bello NO Atlético Bello (Bello Fútbol Club)
43%
1948-1951 Manizales Once Deportivo
43%
1937*-1957 Cali Boca Junior de Cali
36%
1971 Barrancabermeja Oro Negro
36%
2002-2006 Yopal NO Pumas de Casanare
36%
2003-2023 Valledupar NO Valledupar Fútbol Club
36%
1998-2012 Bogotá NO Academia Fútbol Club
29%
1987*-2001 Ibagué NO Cooperamos Tolima
29%
1992-2005 Itagüí,La Ceja NO Deportivo Antioquía (Industrial Itagüí, Itagüí Fútbol Club, Florida Soccer)
29%
1949-1951 Medellín Huracán de Medellín
29%
2014-2015 Pereira Águilas Doradas Pereira
21%
1982*-1997 Buenaventura NO Atlético Buenaventura
21%
1954-1958 Manizales Atlético Manizales
21%
2005-2008 Caucasia NO Bajo Cauca
21%
1999-2000 Soledad NO CD Soledad
21%
1944*-2015 Rionegro NO Deportivo Rionegro
21%
1951-1953 Santa Marta Deportivo Samarios
21%
1994-1995 Santa Marta NO Deportivo Samarios*
21%
1995-2008 Girardot NO Girardot Fútbol Club
21%
2008-2014 Itagüí Itagüí Ditaires Fútbol Club
21%
1993-2000 Tunja NO Lanceros Boyacá
21%
2002-2004 Sincelejo NO Real Sincelejo
21%
1996-1997 Buga NO River Plate de Buga
21%
1950-1953, 1988-1991 Barranquilla Sporting Club de Barranquilla
21%
1990*-1995 Bogotá NO Academia Bogotana
14%
1985*-1997 Villavicencio NO Alianza Llanos
14%
2001 Barranquilla NO Atlético Barranquilla
14%
1996-1999 Cereté NO Atlético Córdoba
14%
1990*-1994 Buga NO Atlético Guadalajara de Buga
14%
1989*-1992 Riosucio NO Deportes Dinastía
14%
1995-1997 Popayán NO Deportivo Independiente Popayán
14%
2002-2003 Popayán NO Dimerco Real Popayán
14%
2001-2002 El Cerrito NO El Cerrito Fútbol Club
14%
1998-2002 Cali NO Escuela Carlos Sarmiento Lora
14%
1992-2001 Palmira NO Expreso Palmira Fútbol Club
14%
1993-1995 Florencia NO Fiorentina Fútbol Club
14%
2003-2005 Barranquilla NO Johann Fútbol Club
14%
2010-2011 Buenaventura NO Pacífico Fútbol Club
14%
2023 Soacha NO Real Soacha Cundinamarca
14%
1995 Santa Rosa de Cabal NO Santa Rosa de Cabal Fútbol Club
14%
1998 Cali NO Univalle
14%
2011-2019 Popayán NO Universitario Popayán
14%
2008-2010 Sincelejo NO Atlético de la Sabana
7%
1999 Popayán NO Atlético Popayán
7%
1995-1996 Cartago NO Cartago Fútbol Club
7%
2001-2004 Chía NO Chía Fútbol Club(Club Fair Play, Chía Fair Play)
7%
2006-2008 Cereté NO Córdoba Fútbol Club
7%
2005-2015 Cartago,Jamundí, Cali NO Depor Aguablanca (Depor Fútbol Club-Depor Fútbol Club Jamundí-Depor Fútbol Club Cartago)
7%
2009-2010 Palmira NO Deportes Palmira
7%
1993 Pereira NO Deportes Risaralda
7%
1991-1992 Armenia NO Deportivo Armenia
7%
1949 Barranquilla Deportivo Barranquilla
7%
1995-1998 Barranquilla Deportivo Unicosta
7%
1989*-2003 Bogotá NO El Cóndor (Cóndor Real Bogotá)
7%
1996-1998 Floridablanca NO Real Floridablanca
7%
2011-2012 Sincelejo NO Sucre Fútbol Club
7%
2007-2010 Soacha,Girardot NO Atlético Juventud (Juventud Girardot)
0%
2000-2001 Villavicencio NO Unión Meta
0%
2000-2002 Soacha NO Unión Soacha
0%
No se encontraron pruebas coincidentes
Distribución de puntuación
Porcentaje de gente con cada puntuación
Porcentaje por número respondido
Historial de tus puntuaciones
No has intentado esta prueba desde el último reinicio